000 00873nam a2200301Ia 4500
003 OSt
005 20221006160513.0
006 a|||||r|||| 00| 0
007 ta
008 221006b |||||||| |||| 00| 0 eng d
020 _a9788996439752
_c
_38.00
024 _a45,342
037 _bGift, KCC (Window on Korea)
_cTextual
040 _aEASL
_cEASL
_beng
041 _2eng
_aeng
082 _aM31.495, Q3
100 _aMin Lily
_9673929
245 0 _aEasy Korean food 114
260 _aSeoul
_bStory Blossom Korea
_c2013
300 _a208p.
_ccm.
490 _v KEL
650 _a KEL
650 _aKorean - Food Culture
_9673930
700 _a Hwang Jeong Tr.
_9673931
700 _a Park Taejeon
_9673932
942 _hM31.495, Q3
_cTEXL
_2CC
999 _c1113434
_d1113434